| 000 | 00350nam a2200121Ia 4500 | ||
|---|---|---|---|
| 008 | 220216s9999 xx 000 0 und d | ||
| 100 | _aTuan Haiji Jahaya Bin Mat | ||
| 245 | 0 | _aValue-added gains from the rubber wood industry in Asia | |
| 260 |
_bInternational Rubber Digest _c1997 |
||
| 300 | _aNov-16 | ||
| 650 | _aRubberwood industry | ||
| 942 | _cBO | ||
| 999 |
_c48310 _d48310 |
||